La secreta guerra de los sexos / (Record no. 178223)

MARC details
000 -LEADER
campo de control de longitud fija 01041nam a2200301 4500
001 - NÚMERO DE CONTROL
campo de control 178223
003 - IDENTIFICADOR DE NÚMERO DE CONTROL
campo de control ES-MaACL
005 - FECHA Y HORA DE LA ÚLTIMA TRANSACCIÓN
campo de control 20240129115324.0
008 - DATOS DE LONGITUD FIJA--INFORMACIÓN GENERAL
campo de control de longitud fija 110523s2009 sp p |||| |dspa d
020 ## - NÚMERO INTERNACIONAL ESTÁNDAR DEL LIBRO
Número Internacional Estándar del Libro 978-84-96004-19-1
080 ## - NÚMERO DE LA CLASIFICACIÓN DECIMAL UNIVERSAL
Número de la Clasificación Decimal Universal 316.663:316.346
080 ## - NÚMERO DE LA CLASIFICACIÓN DECIMAL UNIVERSAL
Número de la Clasificación Decimal Universal 308-055.2
080 ## - NÚMERO DE LA CLASIFICACIÓN DECIMAL UNIVERSAL
Número de la Clasificación Decimal Universal 159.922.1-055.2
100 1# - ENTRADA PRINCIPAL--NOMBRE DE PERSONA
Nombre de persona Campo Alange, María Laffitte,
Títulos y otros términos asociados al nombre Condesa de,
Fechas asociadas al nombre 1902-1986
9 (RLIN) 34205
245 13 - MENCIÓN DEL TÍTULO
Título La secreta guerra de los sexos /
Mención de responsabilidad, etc. Condesa de Campo Alange.
260 ## - PUBLICACIÓN, DISTRIBUCIÓN, ETC.
Lugar de publicación, distribución, etc. Madrid :
Nombre del editor, distribuidor, etc. Horas y Horas,
Fecha de publicación, distribución, etc. [2009]
300 ## - DESCRIPCIÓN FÍSICA
Extensión 162 p. :
Otras características físicas 1 retr. ;
Dimensiones 21 cm.
490 1# - MENCIÓN DE SERIE
Mención de serie La cosecha de nuestras madres ;
Designación de volumen o secuencia 7
504 ## - NOTA DE BIBLIOGRAFÍA, ETC.
Nota de bibliografía, etc. Bibliografía: p. 161-162.
650 #7 - PUNTO DE ACCESO ADICIONAL DE MATERIA--TÉRMINO DE MATERIA
Término de materia o nombre geográfico como elemento de entrada Rol sexual.
9 (RLIN) 16927
650 07 - PUNTO DE ACCESO ADICIONAL DE MATERIA--TÉRMINO DE MATERIA
Término de materia o nombre geográfico como elemento de entrada Mujeres-
Subdivisión general Situación social.
9 (RLIN) 15317
650 #7 - PUNTO DE ACCESO ADICIONAL DE MATERIA--TÉRMINO DE MATERIA
Término de materia o nombre geográfico como elemento de entrada Feminidad.
9 (RLIN) 146683
830 0# - PUNTO DE ACCESO ADICIONAL DE SERIE-TÍTULO UNIFORME
Título uniforme La cosecha de nuestras madres ;
Designación de volumen o secuencia 7
9 (RLIN) 224271
852 ## - LOCALIZACIÓN
Ubicación ES-MaACL
itemnumber 185082
Sublocalización o colección R.145549
Número de control de estantería A-11233
Signatura antigua Olim: N-4237
Ubicación en estantería Depósito 1
Encuadernación Donación: Editorial
942 ## - ELEMENTOS DE ENTRADA SECUNDARIOS (KOHA)
Fuente del sistema de clasificación o colocación Clasificación decimal universal
Tipo de ítem Koha Libro impreso
Holdings
Estatus retirado Estado de pérdida Fuente del sistema de clasificación o colocación Estado de daño No para préstamo Biblioteca de origen Biblioteca actual Ubicación en estantería Fecha de adquisición Fuente de adquisición Total de préstamos Signatura topográfica completa Código de barras Fecha de vencimiento Visto por última vez Fecha del último préstamo Precio de reemplazo Tipo de ítem Koha
    Clasificación decimal universal     Biblioteca del Ateneo de Madrid Biblioteca del Ateneo de Madrid Depósito 1 23/05/2011 Donación 1 A-11233 1187217 01/08/2026 02/02/2026 02/02/2026 23/02/2023 Libro impreso